|
|
|
|
| LEADER |
00000nam0a2200000 4500 |
| 001 |
352983 |
| 005 |
20231102010541.0 |
| 035 |
|
|
|a (RuTPU)RU\TPU\retro\9925
|
| 035 |
|
|
|a RU\TPU\retro\9924
|
| 090 |
|
|
|a 352983
|
| 100 |
|
|
|a 20200225d1958 k y0rusy50 ca
|
| 101 |
0 |
|
|a rus
|
| 102 |
|
|
|a RU
|
| 105 |
|
|
|a a z 000zy
|
| 200 |
1 |
|
|a Электрический пробой каменной соли, органического стекла и парафина в больших толщинах
|e [оттиск статьи]
|f А. В. Астафуров
|
| 210 |
|
|
|a Томск
|c Изд-во Томского государственного университета
|d 1958
|
| 215 |
|
|
|a С. 131-137
|c ил.
|
| 225 |
1 |
|
|a Известия высших учебных заведений. Физика
|v № 2
|
| 320 |
|
|
|a Библиогр.: с. 137
|
| 606 |
1 |
|
|a Пробой
|x (электричество)
|2 stltpush
|3 (RuTPU)RU\TPU\subj\68554
|9 83784
|
| 610 |
1 |
|
|a коллекция ТПУ
|
| 610 |
1 |
|
|a оттиски
|
| 610 |
1 |
|
|a труды учёных ТПУ
|
| 610 |
1 |
|
|a пробивные напряжения
|
| 610 |
1 |
|
|a вольтсекундные характеристики
|
| 610 |
1 |
|
|a импульсы напряжения
|
| 610 |
1 |
|
|a разряды
|
| 610 |
1 |
|
|a практические исследования
|
| 675 |
|
|
|a 537.521
|v 4
|
| 700 |
|
1 |
|a Астафуров
|b А. В.
|c специалист в области электротехники
|c заведующий лабораторией Томского политехнического института
|c декан факультета электрорадиоуправления Томского политехничского института (1961-1965), доцент, кандидат технических наук
|c ученый секретарь Совета ректоров г. Томска
|c выпускник Томского политехничского института (1950)
|f 1919-2003
|g Александр Васильевич
|2 stltpush
|3 (RuTPU)RU\TPU\pers\39505
|
| 801 |
|
1 |
|a RU
|b 63413507
|c 20200219
|
| 801 |
|
2 |
|a RU
|b 63413507
|c 20200225
|g RCR
|
| 942 |
|
|
|c BK
|